书目信息 |
| 题名: |
科学史及其与哲学和宗教的关系
|
|
| 作者: | W·C·丹皮尔 | |
| 分册: | ||
| 出版信息: | 桂林 广西师范大学出版社 2001 |
|
| 页数: | 472页 | |
| 开本: | 20cm | |
| 丛书名: | ||
| 单 册: | ||
| 中图分类: | N05 | |
| 科图分类: | ||
| 主题词: | 自然科学--关系 | |
| 电子资源: | ||
| ISBN: | 7-5633-3208-1 | |
| 000 | 00565nam0 2200181 450 | |
| 001 | 0728815141 | |
| 005 | 20070819080015.14 | |
| 010 | @a7-5633-3208-1@d¥39.80 | |
| 100 | @a20070819d km y0chiy0120 ea | |
| 101 | 0 | @achi |
| 200 | 1 | @a科学史及其与哲学和宗教的关系@Ake xue shi ji qi yu zhe xue he zong jiao de guan xi@fW·C·丹皮尔@FW·C·dan pi er |
| 210 | @a桂林@c广西师范大学出版社@d2001 | |
| 215 | @a472页@d20cm | |
| 606 | 0 | @a自然科学@x关系 |
| 690 | @aN05@v3 | |
| 701 | 0 | @aW·C·丹皮尔@AW·C·dan pi er |
| 801 | 0 | @aCN@bPFT@c20070819 |
| 905 | @a213230@dN05@eZW1@f1 | |
| 科学史及其与哲学和宗教的关系/W·C·丹皮尔.-桂林:广西师范大学出版社,2001 |
| 472页;20cm |
| ISBN 7-5633-3208-1:¥39.80 |
| ● |
| 相关链接 |
|
|
|
|
正题名:科学史及其与哲学和宗教的关系
索取号:N05/ZW1
 
预约/预借
| 序号 | 登录号 | 条形码 | 馆藏地/架位号 | 状态 | 备注 |
| 1 | 7613695 | 276136959 | 密集书库-文学院/ [索取号:N05/ZW1] | 在馆 |